Top NCAA CFB Transfers 2022 - Statistics

General Stats
  • This quiz has been taken 166 times
  • The average score is 8 of 16
Answer Stats
Position From To Answer % Correct
QB Oklahoma USC Caleb Williams
98%
QB Ohio State Texas Quinn Ewers
90%
QB Oklahoma South Carolina Spencer Rattler
83%
WR Oklahoma USC Mario Williams
77%
QB USC Ole Miss Jaxson Dart
74%
QB UCF Oklahoma Dillon Gabriel
63%
RB Georgia Tech Alabama Jahmyr Gibbs
55%
QB LSU Texas A&M Max Johnson
45%
QB USC Pitt Kedon Slovis
40%
WR Georgia Alabama Jermaine Burton
30%
LB Alabama Arkansas Drew Sanders
28%
RB Oregon USC Travis Dye
27%
RB TCU Ole Miss Zach Evans
27%
CB LSU Alabama Eli Ricks
25%
TE Alabama Texas Jahleel Billingsley
10%
S Northwestern Notre Dame Brandon Joseph
8%
No matching quizzes found
Score Distribution
Percent of People with Each Score
Percentile by Number Answered
Your Score History
You have not taken this quiz